000 00275nam a22001217a 4500
008 181018b xxu||||| |||| 00| 0 eng d
041 _aeng
080 _a612.39
100 _a10
101 _aNUT
245 _aSmakk Animal Clinical Nutrition
_cLewis.l
942 _2udc
_cBK
999 _c50097
_d50097